| 000 | 00000nas 2200000za 4500 |
| 001 | 9.817905 |
| 003 | CaOODSP |
| 005 | 20250403105757 |
| 007 | cr ||||||||||| |
| 008 | 160518d19791984oncqr p oss f000#b0fre|d |
| 022 | |y0711-9402 |
| 040 | |aCaOODSP|bfre |
| 041 | |aeng|afre |
| 043 | |an-cn--- |
| 086 | 1 |aCS53-007-PDF |
| 245 | 00|aPassenger car fuel consumption survey |h[ressource électronique] / |cStatistics Canada, Education, Science and Culture Division, Travel, Tourism and Recreation Section [and] Special Surveys Group = Enquête sur la consommation de carburant des automobiles / Statistique Canada, Division de l'éducation, des sciences et de la culture, Section des voyages, du tourisme et des loisirs [et] Groupe des enquêtes spéciales. |
| 246 | 11|aEnquête sur la consommation de carburant des automobiles |
| 260 | |aOttawa : |bThe Division = La Division, |c1980-1985. |
| 310 | |aTrimestriel |
| 362 | 0 |a[Juillet/août/sep. 1979]-oct./nov./déc. 1984. |
| 500 | |aÉdition numérisée de l’imprimé [par Statistique Canada]. |
| 500 | |aSur la couv., janv./févr./mars 1980-oct./nov./déc. 1984: Special Surveys Program = Programme des enquêtes spéciales. |
| 546 | |aTexte en anglais et en français. |
| 550 | |aPublié janv./févr./mars 1980-oct./nov./déc. 1980 par la Groupe des enquêtes spéciales et la Sous-division de la méthodologie des enquêtes spéciales; janv./févr./mars 1981-juil./août/sept. 1984 par la Division des enquêtes spéciales et la Sous-division de la méthodologie des enquêtes spéciales et la Direction des opérations régionales; oct./nov./déc. 1984 par la Division des enquêtes ménages et la Sous-division de la méthodologie des enquêtes spéciales et la Direction des opérations régionales. |
| 580 | |aFusionné avec : Fuel consumption survey, light trucks and vans, et devient : Fuel consumption survey, passenger cars, light trucks and vans. |
| 692 | 07|2gccst|aCombustible |
| 692 | 07|2gccst|aVéhicule automobile |
| 692 | 07|2gccst|aAutomobile |
| 710 | 2 |aStatistique Canada.|bSecteur de la statistique sociale.|bGroupe des enquêtes spéciales. |
| 710 | 2 |aStatistique Canada.|bSous-division de la méthodologie des enquêtes spéciales. |
| 710 | 2 |aStatistique Canada.|bOpérations régionales. |
| 710 | 2 |aStatistique Canada.|bDivision des enquêtes-ménages. |
| 710 | 1 |aCanada. |bStatistique Canada. |bSection des voyages, du tourisme et des loisirs. |
| 710 | 2 |aStatistique Canada. |
| 785 | 00|tFuel consumption survey, passenger cars, light trucks and vans |w(CaOODSP)9.817930 |
| 791 | |tPassenger car fuel consumption survey |eeng|w(CaOODSP)9.817897 |